ბათუმის შოთა რუსთაველის სახელმწიფო უნივერსიტეტის ბიბლიოთეკა

სამეცნიერო კვლევის მეთოდები : (სადოქტორო დისერტაციის მომზადების სტანდარტები) : (ბიბ.ჩანაწერი № 53552)

000 -ლიდერი
ფიქსირებული სიგრძის საკონტროლო ველი 01688nam a2200289Ia 4500
001 - საკონტროლო ნომერი
საკონტროლო ველი 20598
003 - საკონტროლო ნომრის იდენტიფიკატორი
საკონტროლო ველი GE_BSU
005 - ბოლო ოპერაციის თარიღი და დრო
საკონტროლო ველი 20210225151543.0
008 - ფიქსირებული სიგრძის მონაცემთა ელემენტები - ზოგადი ინფორმაცია
ფიქსირებული სიგრძის საკონტროლო ველი 181216s2017||||ge |||||||||||||| ||geo||
020 ## - წიგნის საერთაშორისო სტანდარტული ნომერი
International Standard Book Number 9789941094613
040 ## - კატალოგიზაციის წყარო
Transcribing agency GE_BSU
041 ## - ენის კოდი
Language code of text/sound track or separate title geo
080 ## - უნივერსალური ათობითი კლასიფიკაციის ინდექსი
Universal Decimal Classification number 001(075.8) ღ-73
100 ## - მთავარი ჩანაწერი - პიროვნების სახელი
Personal name ღლონტი, გიორგი
9 (RLIN) 2882
245 ## - ცნობა სათაურის შესახებ
Title სამეცნიერო კვლევის მეთოდები : (სადოქტორო დისერტაციის მომზადების სტანდარტები) :
Remainder of title სახელმძღვანელო /
Statement of responsibility, etc გიორგი ღლონტი, ალექსანდრე ღლონტი ; რედაქტორი გიორგი თოდრია.
264 ## - წარმოების, გამოცემის, დისტრიბუციის და სხვა ცნობები
გამოცემის, წარმოების, დისტრიბუციის... ადგილი თბილისი :
გამოცემის, წარმოების, დისტრიბუციის... სახელწოდება მერიდიანი,
გამოცემის, წარმოების, დისტრიბუციის... თარიღი 2017.
300 ## - ფიზიკური აღწერა
Extent 304 გ. :
Other physical details ცხრ.;
Dimensions 25 სმ.
504 ## - BIBLIOGRAPHY, ETC. NOTE
Bibliography, etc ბიბლიოგრ. : გვ. 296-299
653 ## - INDEX TERM--UNCONTROLLED
Uncontrolled term მეცნიერება და ცოდნა
653 ## - INDEX TERM--UNCONTROLLED
Uncontrolled term სამეცნიერო კვლევის მეთოდები :
653 ## - INDEX TERM--UNCONTROLLED
Uncontrolled term (სადოქტორო დისერტაციის მომზადების სტანდარტები)
653 ## - INDEX TERM--UNCONTROLLED
Uncontrolled term უმაღლესი განათლება,სამეცნიერო კვლევების მეთოდები
700 ## - ADDED ENTRY--PERSONAL NAME
Personal name ღლონტი, ალექსანდრე
Relator term ავტორი
9 (RLIN) 7842
700 ## - ADDED ENTRY--PERSONAL NAME
Personal name თოდრია, გიორგი
Relator term რედაქტორი
9 (RLIN) 2886
942 ## - ADDED ENTRY ELEMENTS (KOHA)
Koha item type წიგნი
Source of classification or shelving scheme
ეგზემპლარები
ჩამოწერის სტატუსი დაკარგული ეგზემპლარის სტატუსი კლასიფიკაციის წყარო ან თაროზე გაწყობის სქემა დაზიანების სტატუსი არ გაიცემა მუდმივი მდებარეობა (დაცვის ადგილი) ამჟამინდელი ადგილსამყოფელი თაროზე განთავსების ადგილი შეძენის თარიღი ღირებულება, შესყიდვის ნორმალური ფასი სრული შენახვის შიფრი შტრიხკოდი ბოლო ოპერაციის თარიღი ეგზემპლარის მიმდევრობითი ნომერი (კეტერი?) ფასის ძალაში შესვლის თარიღი ეგზემპლარის სახეობა საჯარო შენიშვნა
          ბათუმის შოთა რუსთაველის სახელმწიფო უნივერსიტეტის მთავარი ბიბლიოთეკა ბათუმის შოთა რუსთაველის სახელმწიფო უნივერსიტეტის მთავარი ბიბლიოთეკა წიგნსაცავი 2018-12-17 10.00 001(075.8) ღ-73 53901 2018-12-17 53901 2018-12-17 წიგნი 10.00 ლ.